000 00522cam a2200217ua 4500
020 _a0 85226 7215
_c32.50
041 _aeng
_h
082 _a697.93
_bMAN/RE
100 _aManohar, Prasad.
_95996
245 _aA text of Refrigeration and air conditionin /
_cManohar prasad.
_hTextual Documents
250 _a1 /
_b.
260 _a :
_bWiley Eastern Ltd ,
_c1983.
300 _a546 ; .
365 _a32.50
504 _a
942 _cBK
999 _c93
_d93
003 @
003 OSt